00313cam a22000977a 4500008004000000082001500040245007400055260004300129300001000172700003300182180718b1966 xxu||||| |||| 00| 0 eng d aD6142 In2s aThe Commonwealth Secretariat: a brief studycby Lok Sabha Secretariat aNew DelhibLok Sabha Secretariatc1966 a43+p. aIndia. Lok Sabha Secretariat